[Event "Tch-AUT 2000-01"]
[Site "Fuerstenfeld AUT"]
[Date "2001.03.17"]
[Round "10"]
[White "Baumgartner,H"]
[Black "Steflitsch,E"]
[Result "1/2-1/2"]
[WhiteElo "2366"]
[BlackElo "2365"]

1.Nf3 d5 2.g3 Nc6 3.d4 Bg4 4.Bg2 Qd7 5.c4 dxc4 6.d5 O-O-O 7.Nc3 Bxf3 8.Bxf3 Ne5
9.Bg2 e6 10.Qd4 Nc6 11.Qxc4 Nb4 12.O-O exd5 13.Qb3 Nf6 14.Rd1 c6 15.a3 Na6
16.Qa4 Kb8 17.b4 Bd6 18.e4 Be5 19.exd5 cxd5 20.Qb3 Qc8 21.Bb2 Nc7 22.f4 Bd6
23.Nxd5 Nfxd5 24.Bxd5 Nxd5 25.Rxd5 f6 26.Rad1  1/2-1/2

[Event "It"]
[Site "Evry FRA"]
[Date "2001.03.18"]
[Round "4"]
[White "Bricard,E"]
[Black "Inkiov,V"]
[Result "1-0"]
[WhiteElo "2445"]
[BlackElo "2448"]

1.Nf3 d5 2.g3 c5 3.c4 d4 4.b4 f6 5.Bg2 e5 6.O-O Nh6 7.e3 Nf5 8.exd4 cxd4
9.d3 a5 10.b5 Nd7 11.Nbd2 Nc5 12.Ba3 Qc7 13.Nb3 a4 14.Nxc5 Bxc5 15.Bxc5 Qxc5
16.Nd2 O-O 17.Ne4 Qe7 18.Qd2 Be6 19.a3 b6 20.Qb4 Qa7 21.c5 Rab8 22.cxb6 Qxb6
23.Nc5 Rfd8 24.Nxe6 Qxe6 25.Qxa4 Nd6 26.Rfb1 e4 27.Qxd4 f5 28.dxe4 Nxe4 29.Qe3 Qf6
30.a4 Nc3 31.Re1 Re8 32.Qc5 f4 33.Qc6 Ne2+ 34.Kf1 Qd4 35.Qd5+ Kf8 36.Qxd4 Nxd4
37.Rxe8+ Kxe8 38.Re1+ Kf7 39.Re4 Ne6 40.Bh3  1-0

[Event "TCh-ROM"]
[Site "Sovata ROM"]
[Date "2001.03.21"]
[Round "1"]
[White "Apostoaie,Li"]
[Black "Ionescu Brandis,I"]
[Result "0-1"]
[WhiteElo "2180"]
[BlackElo "2330"]

1.Nf3 d5 2.g3 c6 3.Bg2 Bg4 4.d3 Nd7 5.Nbd2 Ngf6 6.O-O e5 7.e4 dxe4 8.dxe4 Bc5
9.h3 Bh5 10.a4 O-O 11.Qe1 Qc7 12.b3 Rfd8 13.Bb2 Bb4 14.c3 Bf8 15.b4 Ne8 16.Nc4 f6
17.a5 Bf7 18.Ne3 b6 19.axb6 Nxb6 20.Qe2 Be6 21.Rfd1 Rxd1+ 22.Rxd1 a5 23.bxa5 Rxa5
24.Ra1 Qa7 25.Qd1 Rxa1 26.Qxa1 Qxa1+ 27.Bxa1 Kf7 28.Nd2 Bc5 29.Nc2 Ke7 30.Bf1 Kd7
31.Kg2 Nd6 32.Nb4 Nbc4 33.Nxc4 Nxc4 34.Bxc4 Bxc4 35.Bb2 Kc7 36.Kf3 Kb6 37.Nc2 Bd3
38.Ne1 Bb1 39.Bc1 Kb5 40.Bd2 Kc4 41.Ng2 Kd3 42.Be1 Bc2 43.Ne3 Bxe3 44.fxe3 Bd1+
45.Kf2 c5 46.Kf1 c4 47.Kf2 h5  0-1

[Event "Open"]
[Site "Bad Woerishofen GER"]
[Date "2001.03.22"]
[Round "8"]
[White "Hartoch,R"]
[Black "Mainka,R"]
[Result "1-0"]
[WhiteElo "2319"]
[BlackElo "2476"]

1.Nf3 d5 2.g3 c6 3.Bg2 Bg4 4.O-O Nd7 5.d3 Ngf6 6.Qe1 e5 7.e4 dxe4 8.dxe4 a5
9.a4 Bc5 10.Nbd2 O-O 11.h3 Bh5 12.Nb3 Bb6 13.Be3 Re8 14.Nfd2 Bxe3 15.Qxe3 Nb6
16.Qc3 Nc8 17.Nc4 Be2 18.Rfe1 Bxc4 19.Qxc4 Qc7 20.Qc3 b6 21.Rad1 Ra7 22.Rd3 Qe7
23.Red1 Rc7 24.Nd2 Nd7 25.Nb3 Nb8 26.h4 c5 27.Qc4 Rc6 28.Rd5 Nd6 29.Qe2 c4
30.Nc1 c3 31.b3 Nb7 32.Nd3 f6 33.Bh3 Rd6 34.Ne1 Qc7 35.Ng2 Red8 36.Ne3 Nc6
37.Qc4 Kf8 38.Qxc3 Nc5 39.Qc4 Nd4 40.Nf5 Rxd5 41.exd5 Nf3+ 42.Kg2 e4 43.Nd4  1-0

[Event "TCh-ROM"]
[Site "Sovata ROM"]
[Date "2001.03.22"]
[Round "2"]
[White "Foisor,O"]
[Black "Suba,M"]
[Result "0-1"]
[WhiteElo "2409"]
[BlackElo "2532"]

1.g3 d5 2.Nf3 c6 3.Bg2 Bg4 4.d3 Nd7 5.O-O e6 6.b3 Be7 7.Bb2 Bf6 8.c3 Ne7
9.Nbd2 O-O 10.Qc2 a5 11.a4 c5 12.h3 Bxf3 13.Bxf3 Nc6 14.Nb1 Rc8 15.Na3 Qc7
16.Nb5 Qb8 17.Qd2 Rfd8 18.Bg2 h6 19.Rac1 c4 20.bxc4 dxc4 21.d4 e5 22.Qc2 exd4
23.cxd4 Nb4 24.Qb1 Nb6 25.Qa1 Re8 26.e3 Nd3 27.Rc2 Bg5 28.Bc1 Nb4 29.Re2 Rcd8
30.Bd2 Bf6 31.Rc1 Qc8 32.Rb1 N6d5 33.Be1 b6 34.Nc3 Nxc3 35.Bxc3 Rd6 36.Rd2 Nd5
37.Rb5 Nxe3 38.fxe3 Rxe3 39.Kh2 Qc7 40.Rf2 Rde6 41.Rb1 Qxg3+  0-1

[Event "17th Spring Festival"]
[Site "Budapest HUN"]
[Date "2001.03.23"]
[Round "8"]
[White "Puschmann,L"]
[Black "Galyas,M"]
[Result "1/2-1/2"]
[WhiteElo "2291"]
[BlackElo "2375"]

1.Nf3 d5 2.g3 Nf6 3.Bg2 c6 4.O-O Bg4 5.b3 Nbd7 6.Bb2 e6 7.d3 Bc5 8.Nbd2 Qe7
9.d4 Ba3 10.Qc1 Bxb2 11.Qxb2 O-O 12.c4 a5 13.a3 h6 14.Rac1 Bf5 15.Rfe1 Ne4
16.Nxe4 Bxe4 17.Nd2 Bxg2 18.Kxg2 Nf6 19.e3 Rfc8 20.c5 Qd8 21.Rc2 Ra6 22.Rec1 Rb8
23.f3 Qd7 24.Qc3 Rd8 25.Qd3 Qe7 26.f4 Ne8 27.Rb2 Nc7 28.Rcb1  1/2-1/2

[Event "TCh-ROM"]
[Site "Sovata ROM"]
[Date "2001.03.23"]
[Round "3"]
[White "Bogza,A"]
[Black "Dragomirescu,A"]
[Result "0-1"]
[WhiteElo "2274"]
[BlackElo "2315"]

1.Nf3 d5 2.g3 c6 3.Bg2 Bg4 4.b3 Nd7 5.Bb2 Ngf6 6.c4 e6 7.O-O Bd6 8.d3 O-O
9.Nbd2 Re8 10.Qc2 h6 11.a3 a5 12.h3 Bf5 13.Rfe1 Bh7 14.e4 dxe4 15.dxe4 e5
16.Nh4 Qb6 17.Nf5 Bc5 18.Nf1 Bxf5 19.exf5 Bd4 20.Rab1 Nc5 21.b4 axb4 22.axb4 Nd3
23.Qxd3 Bxf2+ 24.Kh1 Bxe1 25.Rxe1 Qxb4 26.Bc3 Qc5 27.Qe2 Ra4 28.Ne3 b5 29.Qc2 Rea8
30.cxb5 Ra2 31.Qc1 Qxb5 32.Ng4 Nxg4 33.hxg4 f6 34.Bd2 Rd8 35.Bxc6 Qd3 36.Bxh6 Rc2
37.Qe3 Rxc6 38.Qxd3 Rxd3 39.Be3 Rcc3 40.Bf2 Rc2 41.Be3 Kf7 42.Kg1 Ke7 43.g5 fxg5
44.Bxg5+ Kd6 45.Be3 Kd5 46.g4 Ke4 47.Bh6+ Kf3 48.Bxg7 Rg2+ 49.Kh1 Rxg4 50.Bxe5 Kf2
51.Ra1 Rh3+ 52.Bh2 Rxh2+  0-1

[Event "TCh-ROM"]
[Site "Sovata ROM"]
[Date "2001.03.23"]
[Round "3"]
[White "Foisor,C"]
[Black "Sheremetieva,M"]
[Result "1-0"]
[WhiteElo "2418"]
[BlackElo "2330"]

1.Nf3 d5 2.g3 Bg4 3.Bg2 Nf6 4.d3 Nbd7 5.Nbd2 e5 6.h3 Bh5 7.e4 c6 8.O-O Bd6
9.exd5 cxd5 10.c4 d4 11.Qc2 a5 12.Nh4 Nc5 13.Nb3 Nfd7 14.Nf5 Qf6 15.Nxd6+ Qxd6
16.f4 f6 17.Bd2 Be2 18.fxe5 fxe5 19.Nxc5 Nxc5 20.b4 axb4 21.Bxb4 Bxf1 22.Rxf1 O-O-O
23.Bxc5 Qxc5 24.Qa4 Rhf8 25.Qa8+ Kc7 26.Qxb7+ Kd6 27.Rxf8 Rxf8 28.Qxg7 Re8
29.Qxh7 Re6 30.Qf5 Qb4 31.Qf8+ Re7 32.Qd8+ Rd7 33.Qf6+ Kc7 34.Qxe5+ Kd8 35.Kh2 Qd2
36.Qe4 Qe3 37.c5 Qxe4 38.Bxe4 Ra7 39.g4 Rxa2+ 40.Kg3 Ke7 41.c6 Kd6 42.g5 Ke5
43.h4 Ra1 44.Kg4 Rg1+ 45.Kh5 Ra1 46.Kh6 Ra7 47.Kg6 Kf4 48.Kf6  1-0

[Event "TCh-ROM"]
[Site "Sovata ROM"]
[Date "2001.03.24"]
[Round "4"]
[White "Badea,B"]
[Black "Istratescu,A"]
[Result "1/2-1/2"]
[WhiteElo "2460"]
[BlackElo "2582"]

1.Nf3 d5 2.g3 g6 3.Bg2 Bg7 4.d4 Nf6 5.O-O O-O 6.c4 dxc4 7.Na3 Nc6 8.Nxc4 Be6
9.b3 Bd5 10.Bb2 a5 11.Nfe5 Bxg2 12.Kxg2 a4 13.f3 Nd5 14.Nxc6 bxc6 15.Qd2 Nb6
16.Qc2  1/2-1/2

[Event "TCh-FRA"]
[Site "Mulhouse FRA"]
[Date "2001.03.29"]
[Round "4"]
[White "Hoffmann,Re"]
[Black "Abergel,T"]
[Result "1/2-1/2"]
[WhiteElo "2177"]
[BlackElo "2254"]

1.Nf3 d5 2.g3 Nf6 3.Bg2 c5 4.O-O Nc6 5.d3 Bg4 6.Nbd2 e6 7.c3 Be7 8.e4 dxe4
9.dxe4 O-O 10.Qc2 Rc8 11.Nc4 Bxf3 12.Bxf3 b5 13.Ne3 c4 14.Be2 Qb6 15.Kg2 Bc5
16.Nd1 h6 17.Be3 Rfd8 18.Bxc5 Qxc5 19.f4 b4 20.Nf2 b3 21.axb3 cxb3 22.Qc1 Qb6
23.Rd1 Rxd1 24.Qxd1 Rd8 25.Bd3 Qe3 26.Qf3 Qd2 27.Ra6 Nb8 28.Rxa7 Qxb2 29.e5 Nd5
30.c4 Qd4 31.Rb7 Ne3+ 32.Kh3 Nd7 33.Rxb3 Nc5 34.Ra3 Nxc4 35.Bxc4 Qxc4 36.Ra8 Qf1+
37.Kg4 Rxa8 38.Qxa8+ Kh7 39.Qf3 g6 40.Ne4  1/2-1/2

[Event "It"]
[Site "Oakham ENG"]
[Date "2001.03.30"]
[Round "2"]
[White "Koneru,H"]
[Black "Estrada Nieto,J"]
[Result "1/2-1/2"]
[WhiteElo "2299"]
[BlackElo "2372"]

1.Nf3 d5 2.g3 Nf6 3.Bg2 e6 4.O-O Be7 5.d3 O-O 6.Nbd2 Nc6 7.d4 b6 8.b3 a5
9.c4 Ba6 10.Bb2 b5 11.cxd5 exd5 12.Rc1 Bb7 13.Ne1 a4 14.Nd3 Nb4 15.Nxb4 Bxb4
16.Nf3 Qd6 17.Qc2 c6  1/2-1/2

[Event "Target Recruitment Masters"]
[Site "Belfast IRL"]
[Date "2001.03.31"]
[Round "4"]
[White "Gillen,A"]
[Black "Lalic,B"]
[Result "0-1"]
[WhiteElo "2247"]
[BlackElo "2531"]

1.Nf3 d5 2.g3 Bg4 3.Bg2 Nd7 4.c4 c6 5.cxd5 cxd5 6.Qa4 Bxf3 7.Bxf3 e6 8.O-O Nf6
9.d4 Be7 10.Bf4 O-O 11.Qb3 Qb6 12.Qxb6 Nxb6 13.Nd2 Rac8 14.Rfc1 h6 15.h4 Na4
16.b3 Nc3 17.a4 Bb4 18.g4 Rc6 19.g5 hxg5 20.hxg5 Rfc8 21.Kf1 Nfe4 22.Nxe4 dxe4
23.Bg2 f5 24.gxf6 gxf6 25.Bd2 f5 26.f3 e3 27.Bxe3 Nd5 28.Bg5 f4 29.Rxc6 Rxc6
30.e4 fxe3 31.Bh3 Kf7 32.f4 Rc2 33.Bg4 Bc3 34.Rb1 Rf2+ 35.Kg1 Bxd4 36.Rd1 Bb6
37.a5 Bxa5 38.f5 exf5 39.Bh5+ Ke6 40.Bxe3 Rb2 41.Bxa7 Nf4 42.Bf3 b6 43.Rc1 Rxb3
44.Bd1 Rb2 45.Bb8 Nh3+ 46.Kh1 Nf2+ 47.Kg1 Nxd1 48.Rxd1 Bd2 49.Kf1 b5 50.Ba7 b4
51.Ke2 Ra2 52.Rxd2 Rxa7 53.Rb2 Rb7 54.Kd3 b3 55.Kc4 f4  0-1

[Event "Bundesliga 2000-1"]
[Site "Castrop Rauxel GER"]
[Date "2001.04.01"]
[Round "13"]
[White "Appel,R"]
[Black "Hector,J"]
[Result "1-0"]
[WhiteElo "2481"]
[BlackElo "2532"]

1.Nf3 d5 2.g3 Bg4 3.Bg2 Nd7 4.d3 e5 5.O-O Ngf6 6.Nbd2 Bc5 7.e4 dxe4 8.dxe4 O-O
9.Qe1 h6 10.Nc4 Re8 11.Bd2 b5 12.Na5 Qc8 13.a4 a6 14.Qe2 c6 15.Rfc1 Bb6 16.axb5 axb5
17.Nb3 Rb8 18.Be3 c5 19.Nbd2 c4 20.h3 Be6 21.Nh4 c3 22.bxc3 Qxc3 23.Bxb6 Rxb6
24.Nf5 Nc5 25.Nf1 Bxf5 26.exf5 e4 27.Ne3 b4 28.Rd1 Rbb8 29.Bf1 b3 30.cxb3 Nxb3
31.Ra7 Qc5 32.Qa2 Rb4 33.Ra8 Nd4 34.Rxe8+ Nxe8 35.Qa8 Qe5 36.Bc4 Qb8 37.Bxf7+ Kxf7
38.Qd5+ Kf8 39.Rxd4 Rxd4 40.Qxd4 Nf6 41.Qc5+ Kg8 42.Nd5 Qb1+ 43.Kg2 Nxd5
44.Qxd5+ Kh8 45.f6 gxf6 46.Qf7 Qb6 47.Qf8+ Kh7 48.Qf7+ Kh8 49.Qg6 Qc6 50.Qxh6+ Kg8
51.Kh2 Kf7 52.h4 Qc2 53.Qf4 Qe2 54.Kg2 Kg6 55.g4 Qd3 56.Qf5+ Kg7 57.h5 Qd4
58.Qg6+ Kf8 59.h6 e3 60.h7  1-0

[Event "Bundesliga 2000-1"]
[Site "Gelsenkirchen"]
[Date "2001.04.01"]
[Round "13"]
[White "Sandner,G"]
[Black "Lobron,E"]
[Result "0-1"]
[WhiteElo "2355"]
[BlackElo "2509"]

1.Nf3 d5 2.g3 c6 3.Bg2 Bg4 4.Ne5 Bf5 5.d4 Nd7 6.O-O e6 7.b3 Ngf6 8.Bb2 Be7
9.Nd2 O-O 10.Ndf3 a5 11.Nh4 Nxe5 12.Nxf5 exf5 13.dxe5 Ne4 14.Qd3 g6 15.Rad1 Nc5
16.Qe3 Ne6 17.Qd3 Qb6 18.h4 a4 19.h5 axb3 20.axb3 Ra2 21.Rb1 Bc5 22.hxg6 hxg6
23.c4 dxc4 24.Qxc4 Bd4 25.Bxd4 Qxd4 26.Qxd4 Nxd4 27.e3 Ne2+ 28.Kh2 Re8 29.f4 Kg7
30.Rf2 Rh8+ 31.Bh3 Nxf4 32.Rxa2 Rxh3+ 33.Kg1 Rxg3+ 34.Kf1 Rxe3 35.Ra7 b5
36.Rc7 Rxe5 37.Rxc6 g5 38.Rbc1 Re3 39.R1c5 Rxb3 40.Kg1 Rg3+ 41.Kh2 Rh3+ 42.Kg1 Rf3
43.Kh1 g4 44.Rxf5 Rf1+  0-1

[Event "Bundesliga 2000-1"]
[Site "Godesberg GER"]
[Date "2001.04.01"]
[Round "13"]
[White "Kveinys,A"]
[Black "Bunzmann,D"]
[Result "0-1"]
[WhiteElo "2530"]
[BlackElo "2500"]

1.g3 d5 2.Nf3 Bf5 3.Bg2 Nf6 4.O-O e6 5.d3 h6 6.Nc3 Be7 7.Nd2 Nc6 8.e4 Bg6
9.h3 dxe4 10.Ndxe4 O-O 11.Nxf6+ Bxf6 12.Ne4 Be7 13.Be3 Nd4 14.c3 Nf5 15.Bf4 c5
16.Qb3 b6 17.Rfd1 Qd7 18.d4 cxd4 19.cxd4 Rfd8 20.d5 exd5 21.Nc3 d4 22.Bxa8 Rxa8
23.Nd5 Bc5 24.Be5 Re8 25.Nf4 Bh7 26.Re1 Ne3 27.fxe3 Rxe5 28.Kh2 dxe3 29.Rad1 Qe8
30.Rd5 Be4 31.Rxe5 Qxe5 32.Qc3 Qd6 33.Qc4 Qe5 34.b4 Qb2+ 35.Re2 Qb1 36.Ng2 Bd3
37.Qd5 Bxe2 38.bxc5 bxc5 39.Nxe3 c4 40.Nf5 Bd3 41.Ne7+ Kh7 42.Qxf7 Qxa2+
43.Kg1 Qa1+ 44.Kh2 Qb2+ 45.Kg1 Qb8  0-1

[Event "7th"]
[Site "Cutro ITA"]
[Date "2001.04.02"]
[Round "11"]
[White "Pegorari,P"]
[Black "Chatalbashev,B"]
[Result "1/2-1/2"]
[WhiteElo "2380"]
[BlackElo "2518"]

1.Nf3 d5 2.g3 c6 3.Bg2 Bg4 4.Ne5 Bh5 5.d4 Nf6 6.Nd2 Nbd7 7.Nxd7 Qxd7 8.Nf3 Bxf3
9.exf3 e6 10.Be3 Be7 11.O-O O-O 12.c3 a5 13.Qd2 Rfc8 14.Rae1 Ne8 15.Bg5 Nd6
16.Bxe7 Qxe7 17.f4 g6 18.Qe2 a4 19.Kh1 Re8 20.Qd3 Qf6 21.Re2 Qf5 22.Qd1 Qf6
23.Rfe1 b5 24.a3 Kg7 25.Rc2 h5 26.h4 Nc4 27.Bf1 Nd6 28.Bd3 Nf5 29.Qf3  1/2-1/2

[Event "It"]
[Site "Antalya TUR"]
[Date "2001.04.04"]
[Round "4"]
[White "Radulov,I"]
[Black "Atakisi,U"]
[Result "1-0"]
[WhiteElo "2389"]
[BlackElo "2337"]

1.Nf3 d5 2.g3 c6 3.Bg2 Bg4 4.O-O Nd7 5.d3 e6 6.c4 Bd6 7.cxd5 exd5 8.Nc3 Ngf6
9.h3 Bh5 10.e4 dxe4 11.dxe4 Qc7 12.g4 Bg6 13.Nh4 Bf4 14.Bxf4 Qxf4 15.Qc1 Qxc1
16.Raxc1 Ng8 17.f4 f6 18.Nxg6 hxg6 19.e5 O-O-O 20.Nb5 Kb8 21.Nd6 Nh6 22.g5 fxg5
23.fxg5 Nxe5 24.gxh6 Rxd6 25.hxg7 Rg8 26.Rf8+ Rd8 27.Re1 Nd7 28.Rf7 a5 29.Be4 Rge8
30.Rd1 Kc7 31.Bxg6  1-0

[Event "It"]
[Site "Antalya TUR"]
[Date "2001.04.04"]
[Round "4"]
[White "Popchev,M"]
[Black "Moroz,A"]
[Result "1/2-1/2"]
[WhiteElo "2482"]
[BlackElo "2525"]

1.Nf3 d5 2.g3 c6 3.Bg2 Bg4 4.b3 e6 5.Bb2 Nd7 6.O-O Ngf6 7.c4 Bd6 8.d4 O-O
9.Nbd2 Qe7 10.Re1 Ba3 11.Bxa3 Qxa3 12.Qc1 Qe7 13.e4 dxe4 14.Nxe4 Nxe4 15.Rxe4  1/2-1/2

[Event "ch-PHI"]
[Site "Quezon City PHI"]
[Date "2001.04.04"]
[Round "3"]
[White "Senador,E"]
[Black "Villamayor,B"]
[Result "0-1"]
[WhiteElo "2410"]
[BlackElo "2560"]

1.Nf3 d5 2.g3 Nf6 3.Bg2 c6 4.O-O Bf5 5.d3 h6 6.Nbd2 e6 7.Qe1 Be7 8.e4 Bh7
9.Qe2 O-O 10.b3 a5 11.a3 c5 12.Bb2 Nc6 13.a4 c4 14.bxc4 dxe4 15.Nxe4 Nxe4
16.dxe4 Qc7 17.Nd4 Nxd4 18.Bxd4 Rfc8 19.Rfb1 e5 20.Be3 Bb4 21.c5 Bxc5 22.Bxc5 Qxc5
23.Rxb7 Qxc2 24.Qh5 Rc7 25.Rxc7 Qxc7 26.Rd1 Qc2 27.Rd7 Bg6 28.Qxe5 Qxa4 29.Qd5 Qa1+
30.Bf1 Re8 31.f4 Qe1 32.f5 Bh5 33.Qd2 Qxe4 34.Bd3 Qe5 35.Qf2 f6 36.Qa7 Qe1+
37.Bf1 Qe3+ 38.Qxe3 Rxe3 39.Ra7  0-1

[Event "It"]
[Site "Oakham ENG"]
[Date "2001.04.05"]
[Round "8"]
[White "Koneru,H"]
[Black "Levitt,J"]
[Result "1/2-1/2"]
[WhiteElo "2299"]
[BlackElo "2438"]

1.Nf3 d5 2.g3 c5 3.Bg2 f6 4.d4 cxd4 5.Nxd4 e5 6.Nb3 Ne7 7.c4 dxc4 8.Qxd8+ Kxd8
9.Na5 Nbc6 10.Nxc4 Be6 11.Nba3 Nd5 12.O-O Bxa3 13.Bxd5 Bxd5 14.Rd1 Nd4 15.Nxa3 Ke7
16.Be3 Nxe2+  1/2-1/2

[Event "TCh-CHN Men"]
[Site "Suzhou, Jiangsu CHN"]
[Date "2001.04.05"]
[Round "10"]
[White "Cai Lu"]
[Black "Wang Wenhao"]
[Result "1/2-1/2"]
[WhiteElo "2285"]
[BlackElo "2404"]

1.Nf3 d5 2.g3 c6 3.Bg2 Bg4 4.Ne5 Bh5 5.d4 Nd7 6.O-O e6 7.Nd2 Ngf6 8.Ndf3 Bd6
9.Bf4 Qc7 10.Nd3 Bxf4 11.Nxf4 Bxf3 12.exf3 O-O 13.Rc1 e5 14.dxe5 Nxe5 15.Re1 Rfe8
16.Nd3 Nxd3 17.Qxd3 Qa5 18.Rxe8+ Rxe8 19.a3 Nd7 20.b4 Qd8 21.Qd2 Qe7 22.c4 dxc4
23.Rxc4 Qe1+ 24.Qxe1 Rxe1+ 25.Bf1 Ne5 26.Rc3 Kf8 27.Kg2 Ke7 28.h3 Kd6 29.f4 Nd7
30.Bc4 f6 31.Rd3+ Kc7 32.Kf3 b5 33.Bg8 h6 34.Kg4 Re8 35.Bh7 c5 36.bxc5 Nxc5
37.Rc3 Kd6 38.Kh5 Re7 39.Bf5 a5 40.Kg6 b4 41.axb4 axb4 42.Rc4 Rb7 43.Bc8 Rb8
44.Kxg7 Kd5 45.Rxc5+ Kxc5 46.Bf5 h5 47.h4 Kd6 48.Bg6  1/2-1/2

[Event "Spring Festival"]
[Site "Bucharest ROM"]
[Date "2001.04.06"]
[Round "1"]
[White "Iankowski,R"]
[Black "Kalezic,B"]
[Result "0-1"]
[WhiteElo "2388"]
[BlackElo "2443"]

1.Nf3 d5 2.g3 c6 3.Bg2 Bg4 4.b3 Nd7 5.Bb2 Ngf6 6.d3 e6 7.Nbd2 Be7 8.c4 O-O
9.O-O a5 10.a3 Qb8 11.Rc1 Rd8 12.Qc2 Ne8 13.Rfe1 Bf6 14.d4 a4 15.b4 Nd6 16.e4 Nxe4
17.Nxe4 dxe4 18.Qxe4 Bf5 19.Qe2 h6 20.Rcd1 Nb6 21.h3 Rd7 22.Rd2 Qc7 23.Red1 Rad8
24.Bf1 Bg6 25.Ne5 Bxe5 26.dxe5 Nc8 27.Bc3 Ne7 28.Bg2 Nf5 29.Bf3 b5 30.Rxd7 Rxd7
31.Rxd7 Qxd7 32.Qd1 Qe8 33.Be2 Ne7 34.cxb5 cxb5 35.Qf1 Qc8 36.Ba1 Be4 37.Bxb5 Qc2
38.Bd4 Nf5 39.Bc5 Qb3 40.Qe2 Bd5 41.Qd3 Qb2 42.Kf1 Qa1+ 43.Ke2 Qxe5+ 44.Kd2 Qb2+
45.Qc2 Qxa3 46.Qxa4 Qf3 47.Be2 Qe4 48.Qe8+ Kh7 49.Qxf7 Qe5 50.Qh5 Qb2+ 51.Ke1 Qc3+
52.Kf1 g6  0-1

[Event "TCh-EST"]
[Site "Parnu/Tallinn EST"]
[Date "2001.04.06"]
[Round "?"]
[White "Krupenski,I"]
[Black "Kanep,M"]
[Result "1/2-1/2"]
[WhiteElo "2204"]
[BlackElo "2292"]

1.Nf3 d5 2.g3 e6 3.Bg2 Nf6 4.O-O b6 5.c4 Nbd7 6.b3 Be7 7.Bb2 O-O 8.d3 Bb7
9.Nbd2 a5 10.a3 c5 11.d4 a4 12.cxd5 exd5 13.Ne5 axb3 14.Nxd7 Qxd7 15.Qxb3 c4
16.Qc2 b5 17.e4 dxe4 18.Nxe4 Rfe8 19.Nxf6+ Bxf6 20.d5 c3 21.Bc1 b4 22.Be3 bxa3
23.Qb3 Red8 24.Rxa3 Rxa3 25.Qxa3 Bxd5 26.Rd1 Qg4 27.Rxd5 Rxd5 28.Bxd5 Qd1+
29.Kg2 Qxd5+ 30.Kg1 h6 31.Qc5 Qd3 32.h4 c2 33.Kh2 Bb2 34.Qc6 Kh7 35.Qc8 g6
36.h5 g5 37.Qc7 Kg7 38.Bxg5 hxg5 39.h6+ Kg6 40.h7 c1=Q 41.Qxc1 Bxc1 42.h8=Q Qf5
43.Qg8+ Kf6 44.Qh8+ Ke7 45.Qd4 g4 46.Qb4+ Kf6 47.Qc3+ Kg6 48.Qc6+ Kh5 49.Qxc1 Qxf2+
50.Kh1 Qf3+ 51.Kh2 Qe2+ 52.Kg1 f5 53.Qc7 Qe1+ 54.Kg2 Qe4+ 55.Kg1 Kg6 56.Qd6+ Kf7
57.Qd7+ Kf6 58.Qd6+ Qe6 59.Qd4+ Qe5 60.Qd8+ Ke6 61.Qe8+ Kd5 62.Qb5+ Ke4 63.Qe2+ Kd4
64.Qb2+ Ke4 65.Qe2+ Kd5 66.Qb5+ Kd6 67.Qb8+ Ke6 68.Qe8+ Kf6 69.Qh8+  1/2-1/2

[Event "TCh-EST"]
[Site "Parnu/Tallinn EST"]
[Date "2001.04.06"]
[Round "?"]
[White "Limberg,T"]
[Black "Bashkite,V"]
[Result "1/2-1/2"]
[WhiteElo "2092"]
[BlackElo "2073"]

1.Nf3 d5 2.g3 g6 3.Bg2 Bg7 4.O-O e5 5.d3 Ne7 6.c3 O-O 7.Qc2 Nbc6 8.e4 h6
9.Rd1 Be6 10.h3 Qd7 11.Kh2 Rad8 12.Nbd2 f5 13.exd5 Bxd5 14.Nb3 b6 15.d4 exd4
16.Nbxd4 Nxd4 17.cxd4 Be4 18.Qc4+ Qd5 19.Qxd5+ Rxd5 20.Bf4 c5 21.dxc5 Bxb2
22.Rxd5 Nxd5 23.Rd1 Nxf4 24.gxf4 bxc5 25.Ne5 Bxg2 26.Kxg2 g5 27.Rd7 a5 28.Nd3 Bd4
29.fxg5 hxg5  1/2-1/2

[Event "Czech Extra League 2000-1"]
[Site "CZE"]
[Date "2001.04.08"]
[Round "11"]
[White "Chloupek,S"]
[Black "Civin,T"]
[Result "1/2-1/2"]
[WhiteElo "2326"]
[BlackElo "2320"]

1.Nf3 d5 2.g3 c5 3.Bg2 Nf6 4.O-O e6 5.c4 Be7 6.d4 O-O 7.cxd5 exd5 8.b3 Nc6
9.Bb2 Ne4 10.Nc3 Bf6 11.Na4 b6 12.Rc1 Ba6 13.Re1 Re8 14.a3 Bb5  1/2-1/2

[Event "Spring Festival Women"]
[Site "Bucharest ROM"]
[Date "2001.04.09"]
[Round "4"]
[White "Marin,L"]
[Black "Popescu,C"]
[Result "1/2-1/2"]
[WhiteElo "2196"]
[BlackElo "2222"]

1.g3 d5 2.Nf3 Nf6 3.Bg2 c6 4.O-O Bg4 5.d3 Nbd7 6.Nbd2 e6 7.b3 Bc5 8.Bb2 Qe7
9.a4 a5 10.e4 dxe4 11.dxe4 e5 12.h3 Bxf3 13.Qxf3 O-O 14.Nc4 Rfe8 15.Rfd1 Qe6
16.g4 b5 17.Ne3 Nb6 18.axb5 cxb5 19.g5 Nfd7 20.Nd5 Qc6 21.Bf1 a4 22.Qc3  1/2-1/2

[Event "Israel Open Ch"]
[Site "Tel Aviv ISR"]
[Date "2001.04.09"]
[Round "1"]
[White "Tseitlin,Ma"]
[Black "Khmelniker,I"]
[Result "1-0"]
[WhiteElo "2492"]
[BlackElo "2181"]

1.Nf3 d5 2.g3 Nf6 3.Bg2 e6 4.O-O Be7 5.d3 c5 6.Nbd2 Nc6 7.e4 b6 8.Re1 Bb7
9.c3 Qc7 10.a3 O-O-O 11.b4 dxe4 12.dxe4 Ng4 13.Qa4 Nge5 14.Nxe5 Nxe5 15.Qxa7 b5
16.Qa5 Qxa5 17.bxa5 Nd3 18.Rd1 Bf6 19.Rb1 Bxc3 20.Rxb5 Bc6 21.Rb6 Ne5 22.Bb2 Bxa5
23.Ra6 Rxd2 24.Rxd2 Bxd2 25.Bxe5 Kb7 26.Bf1 f6 27.Bd6 Ra8 28.Rxa8 Kxa8 29.Bd3 c4
30.Bxc4 Bxe4 31.Bxe6 Kb7 32.h4 Kc6 33.Bf8 g6 34.Kf1 Bd3+ 35.Kg2 Be4+ 36.f3 Bd3
37.g4 Bf4 38.Be7 Be5 39.Bg8 h6 40.Bh7 Kd7 41.Bf8 Bf4 42.h5 Ke8 43.Bb4 Kf7
44.a4 Bc7 45.a5 Kg7 46.Bxg6 Bxg6 47.hxg6 Kxg6 48.a6 Bb6 49.Be1  1-0

[Event "Open NOR-ch Junior"]
[Site "Oslo NOR"]
[Date "2001.04.10"]
[Round "5"]
[White "Osttveit,M"]
[Black "Topi Hulmi,T"]
[Result "0-1"]
[WhiteElo "2102"]
[BlackElo "2103"]

1.Nf3 d5 2.g3 Nf6 3.Bg2 Bf5 4.O-O e6 5.d3 h6 6.Nbd2 Be7 7.Qe1 O-O 8.e4 Bh7
9.e5 Nfd7 10.Qe2 c5 11.Re1 Nc6 12.h4 Qc7 13.Nf1 Rfc8 14.c3 b5 15.Bf4 Rab8
16.h5 b4 17.c4 dxc4 18.dxc4 b3 19.a3 Nd4 20.Nxd4 cxd4 21.Rac1 Bc2 22.Be4 Qxc4
23.Qg4 Kh8 24.Nd2 Qb5 25.Nf3 Bxe4 26.Rxc8+ Rxc8 27.Nxd4 Qd5  0-1

[Event "32nd Open"]
[Site "Mar del Plata ARG"]
[Date "2001.04.11"]
[Round "5"]
[White "Garcia Palermo,C"]
[Black "De las Heras,J"]
[Result "1-0"]
[WhiteElo "2470"]
[BlackElo "2288"]

1.g3 d5 2.Nf3 c6 3.Bg2 Bg4 4.d3 Nd7 5.Nbd2 e6 6.b3 Be7 7.Bb2 Bf6 8.c3 h5
9.h3 Bxf3 10.Nxf3 g5 11.Qd2 Ne5 12.Nxe5 Bxe5 13.d4 Bg7 14.c4 Bh6 15.e4 Nf6
16.e5 Nd7 17.O-O h4 18.Qe2 Nf8 19.Bf3 Qe7 20.Bg4 O-O-O 21.c5 Kb8 22.b4 Ka8
23.Rab1 Bg7 24.Bc3 f5 25.exf6 Bxf6 26.b5 Nd7 27.bxc6 bxc6 28.Qa6 Nb8 29.Qa4 Rd7
30.Rfe1 Rb7 31.Rxb7 Qxb7 32.Rxe6 Rf8 33.Qc2 Bd8 34.Kg2 Qf7 35.Qe2 Bf6 36.Bh5 Qh7
37.Re8 Rxe8 38.Bxe8 Qg7 39.gxh4 gxh4+ 40.Qg4 Qh6 41.Qc8 Qg5+ 42.Kf3  1-0

[Event "ch-PHI"]
[Site "Quezon City PHI"]
[Date "2001.04.11"]
[Round "10"]
[White "Bitoon,R"]
[Black "Senador,E"]
[Result "0-1"]
[WhiteElo "2432"]
[BlackElo "2410"]

1.Nf3 d5 2.g3 c5 3.Bg2 Nc6 4.d4 Nf6 5.O-O cxd4 6.Nxd4 Qb6 7.Nb3 e6 8.c4 dxc4
9.Be3 Qc7 10.Nd4 Nxd4 11.Qxd4 e5 12.Qc3 Be6 13.Na3 a6 14.Rac1 Rc8 15.Rfd1 Be7
16.Nxc4 Qxc4 17.Qxe5 Qb5 18.Rxc8+ Bxc8 19.Qc7 Bd7 20.Bh3 Bd8 21.Qd6 Qc6 22.Qe5+ Be6
23.Bxe6 Qxe6 24.Qb8 Qe7 25.Rc1 Qd7 26.Qe5+ Qe6 27.Qc5 Be7 28.Qc8+ Qxc8 29.Rxc8+ Bd8
30.Bb6 Kd7 31.Rb8 Nd5 32.Bxd8 Rxd8 33.Rxb7+ Nc7 34.Rb6 Re8 35.e3 Re5 36.a4 Rd5
37.b4 Rd1+ 38.Kg2 Ra1 39.a5 Rd1 40.e4 Rd6 41.Rb8 Re6 42.Kf3 Re8 43.Rb6 Re5
44.Ke3 Re6 45.Kd4 Rd6+ 46.Rxd6+ Kxd6 47.f4 Ne6+ 48.Kc4 Kc6 49.h3 f6 50.e5 fxe5
51.fxe5 h5 52.Kc3 Kd5 53.b5 axb5 54.a6 Nc7 55.a7 Kxe5 56.g4 hxg4 57.hxg4 g5
58.Kb4 Kd5  0-1

[Event "FSIMA April"]
[Site "Budapest HUN"]
[Date "2001.04.12"]
[Round "6"]
[White "Khechumyan,G"]
[Black "Nezar,M"]
[Result "0-1"]
[WhiteElo "2221"]
[BlackElo "2292"]

1.Nf3 d5 2.g3 Bg4 3.Bg2 Nd7 4.O-O c6 5.d3 e6 6.e4 Bd6 7.Nbd2 Ne7 8.Qe1 Bh5
9.Kh1 O-O 10.Ng1 e5 11.h3 Qc7 12.g4 Bg6 13.Ne2 Nc5 14.Ng3 Ne6 15.Nf3 Rfe8
16.h4 f6 17.h5 Bf7 18.Nh4 dxe4 19.Nxe4 Nd5 20.Nxd6 Qxd6 21.Nf5 Qc5 22.c4 Ndf4
23.Be3 Qf8 24.Qc3 Red8 25.Be4 Rd7 26.a3 Nd5 27.cxd5 cxd5 28.Rac1 dxe4 29.dxe4 Qd8
30.Qb4 Nf4 31.Bxf4 exf4 32.Qc3 Be6 33.Qf3 Qb8 34.b4 g6 35.Rg1 Kf7 36.Nh4 Qd8
37.Rgd1 Rc8 38.Rxd7+ Qxd7 39.Rd1 Qc7 40.Ng2 g5 41.Ne1 Qc3 42.Nd3 Ke7 43.e5 Qc6
44.Qxc6 Rxc6 45.exf6+ Kxf6 46.f3 Rd6 47.Kg2 Bb3  0-1

[Event "Osteropen"]
[Site "Essen-Borbeck GER"]
[Date "2001.04.12"]
[Round "2"]
[White "Heidel,N"]
[Black "Kuczynski,R"]
[Result "0-1"]
[WhiteElo "2118"]
[BlackElo "2509"]

1.Nf3 d5 2.g3 c6 3.Bg2 Bg4 4.d4 Nd7 5.c4 dxc4 6.Nbd2 Nb6 7.O-O Nf6 8.Qc2 e6
9.Rd1 Bf5 10.e4 Bg6 11.a4 a5 12.Ne5 Bh5 13.Ndf3 Bb4 14.Bg5 h6 15.Be3 Ng4
16.Nxc4 Nxc4 17.Qxc4 Nxe3 18.fxe3 O-O 19.Rf1 Bd6 20.Rac1 Bg6 21.Ne1 Qb6 22.Nd3 Rad8
23.Rc3 Rfe8 24.Rb3 Qa7 25.Nf4 Bh7 26.Kh1 Rd7 27.Nd3 Red8 28.Rc3 Ra8 29.Nf4 Qa6
30.Nd3 Qxc4 31.Rxc4 e5 32.Rd1 Re8 33.d5 cxd5 34.exd5 e4 35.Bh3 Rde7 36.Nc1 Bg6
37.Nb3 Ra8 38.Nd4 Ree8 39.Nb5 Red8 40.Kg1 h5 41.Kf2 Kf8 42.Bg2 f5 43.Nd4 Ke7
44.Ne6 Rdc8 45.Rdc1 Rxc4 46.Rxc4 Be5 47.Bf1 Bf7 48.Rc5 Be8 49.Bc4 Bd6  0-1